| 000 | 01402nac a22002411u 4500 | ||
|---|---|---|---|
| 008 | 090301t xxu||||| |||| 00| 0 eng d | ||
| 010 | _a 2004053302 | ||
| 020 | _a9780273713876 | ||
| 082 | 0 | 0 |
_a658.84 _bALB |
| 100 | _aAlbaum, Gerald S. | ||
| 245 | 1 | 0 |
_aInternational marketing and export management / _cGerald Albaum, Edwin Duerr. |
| 250 | _a6th ed. | ||
| 260 |
_aHarlow, England : _bFinancial Times/Prentice Hall, _cc2008. |
||
| 300 |
_axxvi, 706p.: _bill.; _c24 cm. |
||
| 504 | 0 | _aIncludes bibliographical references and index. | |
| 650 | 0 |
_aExport marketing _xManagement. |
|
| 700 | 1 | _aDuerr, Edwin. | |
| 942 |
_cBB _k658.84ALB _2ddc |
||
| 999 |
_c10974 _d10974 |
||